| Tag |
First Indicator |
Second Indicator |
Subfields |
| LEADER |
00000pam a2200000 a 4500 |
| 001 |
in00000084484 |
| 005 |
20151008061414.0 |
| 008 |
810428s1981 nyu b 00110deng |
| 010 |
|
|
|a 81038378
|
| 020 |
|
|
|a 0883447592 (pbk.)
|
| 035 |
|
|
|a (OCoLC)07554336
|
| 035 |
|
|
|9 AAJ7987AM
|
| 039 |
0 |
|
|a 2
|b 3
|c 3
|d 3
|e 3
|
| 040 |
|
|
|a DLC
|c DLC
|d TXA
|d UtOrBLW
|
| 041 |
1 |
|
|a eng
|a ger
|
| 043 |
|
|
|a cl-----
|
| 049 |
|
|
|a TXAM
|c [1561240]
|
| 050 |
0 |
0 |
|a BR1608.L37
|b C4713
|
| 082 |
0 |
|
|a 272/.9/098
|2 19
|
| 245 |
0 |
0 |
|a Witnesses of hope :
|b the persecution of Christians in Latin America /
|c edited by Martin Lange and Reinhold Iblacker ; foreword by Karl Rahner ; translated from the German by William E. Jerman.
|
| 264 |
|
1 |
|a Maryknoll, N.Y. :
|b Orbis Books,
|c [1981]
|
| 264 |
|
4 |
|c ©1981
|
| 300 |
|
|
|a xx, 156 pages ;
|c 21 cm.
|
| 336 |
|
|
|a text
|b txt
|2 rdacontent
|
| 337 |
|
|
|a unmediated
|b n
|2 rdamedia
|
| 338 |
|
|
|a volume
|b nc
|2 rdacarrier
|
| 500 |
|
|
|a Translation of: Christenverfolgung in Sudamerika.
|
| 504 |
|
|
|a Includes bibliographical references and index.
|
| 650 |
|
0 |
|a Persecution
|z Latin America.
|
| 650 |
|
0 |
|a Christian martyrs
|z Latin America.
|
| 650 |
|
0 |
|a Church and state
|z Latin America.
|
| 700 |
1 |
|
|a Lange, Martin.
|
| 700 |
1 |
|
|a Iblacker, Reinhold.
|
| 999 |
|
|
|a MARS
|
| 999 |
f |
f |
|s fa871824-7c19-3e1f-859e-bfc935dd2afd
|i 1e08efa0-4fbc-3105-8127-1174af5f9285
|t 0
|
| 952 |
f |
f |
|p ric
|a Texas A&M University
|b Rellis Campus
|c Joint Library Facility
|d Remote Storage
|t 0
|e BR1608.L37 C4713
|h Library of Congress classification
|i unmediated -- volume
|m A14806091098
|
| 998 |
f |
f |
|a BR1608.L37 C4713
|t 0
|l Remote Storage
|